000 00661nam a22002417a 4500
001 BD-DhSAU 3999
003 BD-DhSAU
005 20150211101748.0
008 150211b1981 ii a|||| |||| 001 0 eng d
020 _a8120401379
040 _aBD-DhSAU
082 _222
_a658
_bBAP
100 _aBanerjee, Shyamal
245 _aPrinciples and practice of management /
_cShyamal Banerjee
260 _aIndia :
_bOxford & IBH publishing Co. ,
_c1981.
300 _axiii, 724 p. :
_bill. ;
_c21 cm.
504 _ainclude index
590 _atamanna
650 _aManagement
650 _amanagement-principles
650 _aplanning
650 _adecision making
942 _2ddc
_cBOOK
999 _c3999
_d3999